| 000 | 01552nam a2200433 a 4500 | ||
|---|---|---|---|
| 001 | vtls000013507 | ||
| 003 | NLI | ||
| 005 | 20210601181534.0 | ||
| 008 | 101125s1990 ii ab 00 0 eng | ||
| 020 |
_a8190006169 _cRs. 150.00 |
||
| 039 | 9 |
_y201011250106 _zVLOAD |
|
| 040 | 0 |
_aNLI _beng _cVERGIS-2003 |
|
| 041 | 0 | _aeng | |
| 044 | _aii | ||
| 082 | 0 | 4 | _a627.80954 |
| 100 | 1 |
_aParanjpye, Vijay _951896 |
|
| 245 | 1 | 0 |
_aHigh dams on the Narmada: _ba holistic analysis of the river valley projects/ _cVijay Paranjpye; edited by N.D. Jayal |
| 260 |
_aNew Delhi: _bIndian National Trust for Art and Cultural Heritage, _cc1990 |
||
| 300 |
_axxiii, 320 p.: _bcol.ill., maps; _c22 cm. |
||
| 440 | 0 |
_aStudies in econlogy and sustainable development _v3 _951897 |
|
| 504 | _aIncludes bibliography: p. 312 - 320 | ||
| 650 | 0 |
_aRiver engineering _zIndia _zGujarat _951898 |
|
| 650 | 0 |
_aDams _zIndia _zGujarat _951899 |
|
| 650 | 0 |
_aDiversion structures (Hydraulic engineering) _zIndia _zGujarat (Narmada Valley project) _951900 |
|
| 650 | 0 |
_aWater _xstorage _951901 |
|
| 650 | 0 |
_aValley plants _zIndia _xEconomic aspects _951902 |
|
| 650 | 0 |
_aIrrigation _zIndia |
|
| 650 | 3 | 0 |
_aEconomic Development Progress _zIndia _951903 |
| 700 | 1 |
_aJayal, N.D., _4edt _951904 |
|
| 887 | _aS. Chithiraivel | ||
| 901 |
_aDB 58806 _b07/02/1991 |
||
| 902 | _aE 627.80954 P 212 | ||
| 903 | _a03/03/2004 | ||
| 904 | _aS. Chithiraivel | ||
| 906 | _a012425 | ||
| 949 |
_AVIRTUAITEM _D10000 _F1 _X100 _6DBA000058806ENG _aE 627.80954 P212 |
||
| 942 |
_2ddc _cBKS |
||
| 999 |
_c19075 _d19075 |
||